000 00642nam a2200181 a 4500
003 0
005 20250505125541.0
008 050808s19uu xx 00 eng d
050 _aPHS HQ 767.5
_b.M56 2005
100 _aMinami, Tomoko R.
245 _aA Comparison of the use of contraceptives based on Religious beliefs /
_cTomoko R. Minami.
260 _aLas PiƱas City, Philippines :
_bSouthville International School and Colleges,
_c2005.
300 _a26 pages ;
_c28 cm.
504 _aIncludes bibliographical references.
650 _xContraception
_vReligious aspects.
650 _aReligion and family planning.
942 _2lcc
_cPASS
999 _c97274
_d97274